000 00387nam a22001217a 4500
082 _a200 THE
100 _aNOSHEEN NISAR
_970705
245 _aTH-SOF-1060-IMPLEMENTATION OF SIGNATURE FACIAL MANNERISM EXTRACTION MODEL
260 _aIslamabad
_bNUST College of EME
_c2014
650 _a MS-CSE-10 MSTHESIS
_970287
700 _aSUPERVISOR DR. MUHAMMAD YOUNUS JAVED
_970556
942 _cCF
999 _c577607
_d577607